Revue sociálno-ekonomického rozvoja vedecký recenzovaný on-line časopis

Teoretické a praktické otázky sociálno-ekonomického rozvoja, aktuálne trendy a perspektívy spoločensko-ekonomického vývoja v krajinách EÚ a vo svete.

Salvato in:
Dettagli Bibliografici
Natura: Periodico
Lingua:slovacco
Pubblicazione: Bratislava Katedra sociálneho rozvoja a práce NHF EU
Soggetti:
Tags: Aggiungi Tag
Nessun Tag, puoi essere il primo ad aggiungerne!!

MARC

LEADER 00000nls a2200000 4500
001 0206241
005 20220307102903.5
022 |a 2453-6148 
041 0 |a slo 
044 |a SK 
245 1 0 |a Revue sociálno-ekonomického rozvoja  |b vedecký recenzovaný on-line časopis 
264 1 |a Bratislava  |b Katedra sociálneho rozvoja a práce NHF EU 
500 |a Vydávanie časopisu ukončené číslom 2/2020 
520 |a Teoretické a praktické otázky sociálno-ekonomického rozvoja, aktuálne trendy a perspektívy spoločensko-ekonomického vývoja v krajinách EÚ a vo svete. 
610 2 0 |a rozvoj sociálno-ekonomický 
610 2 0 |a politika regionálna 
610 2 0 |a rozvoj regionálny 
610 2 0 |a ekonomika priestorová 
610 2 0 |a ekonomika regionálna